000 00889nam a2200229 a 4500
008 951122s1985||||[C 0 slo c
020 _c140 Kčs.
_q(30000 výtl.)
040 _aSNK
_bslo
_cSNK
_eAACR2
041 1 _aslo
_hslo
080 _a37(437.6)(031)
100 1 _aPavlík, Ondrej
_4aut
245 1 0 _aPedagogická encyklopédia Slovenska. 2. zv. P - Ž
_cOndrej Pavlík ; Ondrej Pavlík, Oto Takáč, Ján Roháč
250 _a1., vyd.
260 _aBratislava
_bVeda
_c1985
_eBratislava
_fSvornosť
300 _a703 s., 141,99 AH
_bFot.
_c27 cm
500 _aRozlož. tit. list. Abeced. zozn. prof. a doc. vys. škôl SSR. Zozn. aut., spoluprac. a komisií zúčastnených na tvorbe encyklopédie. Fareb. príl. vytl. Tlačiarne SNP, Martin.
700 1 _aPavlík, Ondrej
_4com
700 1 _aTakáč, Oto
_4bkd
700 1 _aRoháč, Ján
_4oth
044 _axo
_cSK
958 _aA
999 _c19203
_d19203